Countries that end with "E" - Statistics

General Stats
  • This quiz has been taken 362 times
    357 since last reset
  • The average score is 10 of 12
Answer Stats
Hint Answer % Correct
Europe France
93%
Europe Greece
90%
Americas Suriname
89%
Americas Belize
88%
Americas Chile
86%
Europe Ukraine
86%
Africa Zimbabwe
86%
Asia Singapore
80%
Africa Sierra Leone
79%
Africa São Tomé and Príncipe
78%
Africa Mozambique
76%
Africa Cabo Verde
73%
No matching quizzes found
Score Distribution
Percent of People with Each Score
Percentile by Number Answered
Your Score History
You have not taken this quiz since the last reset